000 00416nam a2200181Ia 4500
003 OSt
005 20251126121116.0
008 250729s1913 xx 000 0 und d
040 _cAL
041 _aeng
082 _a421.54 SMIE
100 _aSmith Egerton
_9224952
245 _aEssay writing rhetoric & prosody
260 _aBombay
_c1913
300 _a208p
650 _aEnglish
_9224953
942 _2ddc
_cBED
999 _c236671
_d236671